[Event "Ceriano Laghetto op-B 19th"]
[Site "Ceriano Laghetto"]
[Date "2010.03.??"]
[Round "2"]
[White "Palminteri, Vincenzo"]
[Black "Zampar, Andrea"]
[Result "1-0"]
[WhiteElo "1872"]
[BlackElo "1658"]
[PlyCount "79"]
[EventDate "2010.03.??"]
[EventType "swiss"]
[EventRounds "5"]
[EventCountry "ITA"]
[SourceTitle "EXT 2024"]
[Source "ChessBase"]
[SourceDate "2023.10.10"]
[SourceVersion "1"]
[SourceVersionDate "2023.10.10"]
[SourceQuality "1"]

1. e4 c5 2. c3 e6 3. d4 d5 4. e5 Bd7 5. Nf3 h6 6. Bd3 a6 7. 0-0 Bb5 8. Bxb5+ axb5 9. Be3 c4 10. a3 Nc6 11. g3 Nge7 12. Nh4 g5 13. Ng2 Nf5 14. f4 g4 15. Qxg4 h5 16. Qh3 h4 17. g4 Nxe3 18. Nxe3 Qd7 19. f5 0-0-0 20. Nd2 Bh6 21. fxe6 Bxe3+ 22. Qxe3 Qxe6 23. h3 Rh6 24. Rf2 Ne7 25. Raf1 f5 26. gxf5 Rg8+ 27. Kh2 Rg3 28. Qf4 Nxf5 29. Qxf5 Qxf5 30. Rxf5 Rhg6 31. R5f2 Re3 32. Rf3 Rg3 33. Rxe3 Rxe3 34. Nf3 Re4 35. Ng5 Re3 36. Ne6 Kd7 37. Nf8+ Ke8 38. Ng6 Re4 39. Kg2 Kd7 40. Kf3 1-0

[Event "Milan Citta op-A"]
[Site "Milan"]
[Date "2007.05.20"]
[Round "5"]
[White "Sciarra, Giuseppe"]
[Black "Zampar, Andrea"]
[Result "0-1"]
[WhiteElo "1568"]
[BlackElo "1502"]
[PlyCount "91"]
[EventDate "2007.05.18"]
[EventType "swiss"]
[EventRounds "5"]
[EventCountry "ITA"]
[SourceTitle "EXT 2010"]
[Source "ChessBase"]
[SourceDate "2010.11.25"]
[SourceVersion "1"]
[SourceVersionDate "2010.11.25"]
[SourceQuality "1"]

1. e4 c5 2. Nf3 d6 3. d4 cxd4 4. Nxd4 a6 5. Nc3 e6 6. Bc4 b5 7. Bd3 Bb7 8. 0-0 Nf6 9. h3 Be7 10. Be3 Nbd7 11. f4 Rc8 12. a3 Rxc3 13. bxc3 Nxe4 14. Qg4 0-0 15. c4 Ndf6 16. Qh4 bxc4 17. Bxc4 Nd5 18. Qe1 Bh4 19. Bf2 Bxf2+ 20. Rxf2 Nxf2 21. Qxf2 Qa8 22. Nf3 Ne7 23. Qe2 Nf5 24. Qf2 h5 25. Rd1 d5 26. Bd3 Nd6 27. Qh4 g6 28. Qf6 Qd8 29. Qe5 Ne8 30. Rd2 Qf6 31. Qe3 Nd6 32. Rf2 Qa1+ 33. Bf1 Nc4 34. Qb3 Bc6 35. Ne5 Bb5 36. Nxc4 Bxc4 37. Qb4 Qc1 38. g3 Rc8 39. Kg2 Bxf1+ 40. Rxf1 Qxc2+ 41. Rf2 Qc4 42. Qe7 Qe4+ 43. Kh2 Rc1 44. Rg2 Qe1 45. g4 h4 46. Qxh4 0-1